Biochemistry and clinical pathology. Theory and practical

Saved in:
Bibliographic Details
Main Author: PILLI, K.K. J.S .Qardry
Format: Book
Language:English
Published: CBS Publishers. 2019.
Tags: Add Tag
No Tags, Be the first to tag this record!

MARC

LEADER 00000nam a22000007a 4500
008 210916b ||||| |||| 00| 0 eng d
020 |a 8123902891 
100 |a PILLI, K.K.  |a J.S .Qardry. 
245 |a Biochemistry and clinical pathology.  |b Theory and practical  |c K.K. Pillai.{and] J.S. Qadry.  |g xi,172p:ill. 
260 |b CBS Publishers.  |c 2019.  |d Book.  |h New Delhi  |i 697104  |i 697105  |l RC 382.P64  |m Parkinsons disease 
942 |a lcc  |c BK  |e Olagoke,M..A.  |f 16/09/2021. 
952 |0 0  |1 0  |2 lcc  |4 0  |7 0  |9 3583  |a HOL  |b SL  |d 2021-09-16  |o RC 382.P64  |p 2021-67324  |r 2021-09-16 00:00:00  |t 697105  |w 2021-09-16  |y BK 
952 |0 0  |1 0  |2 lcc  |4 0  |7 0  |9 3584  |a HOL  |b HOL  |d 2021-09-16  |o RC 382.P64  |p 2021-67325  |r 2021-09-16 00:00:00  |t 697104  |w 2021-09-16  |y BK 
999 |c 1775  |d 1775